<?xml version="1.0" encoding="UTF-8"?>
<collection xmlns="http://www.loc.gov/MARC21/slim">
 <record>
  <leader>     na                 </leader>
  <controlfield tag="001">INLIS000000001504753</controlfield>
  <controlfield tag="005">20260429083249</controlfield>
  <datafield tag="035" ind1=" " ind2=" ">
   <subfield code="a">0010-0426000075</subfield>
  </datafield>
  <controlfield tag="007">ta</controlfield>
  <controlfield tag="008">260429                |          | |  </controlfield>
  <datafield tag="082" ind1=" " ind2=" ">
   <subfield code="a">L.310-25152</subfield>
  </datafield>
  <datafield tag="084" ind1=" " ind2=" ">
   <subfield code="a">L.310-25152 RAR k</subfield>
  </datafield>
  <datafield tag="100" ind1="0" ind2=" ">
   <subfield code="a">RARA DIVA SUKMA AYU</subfield>
   <subfield code="e">Pengarang</subfield>
  </datafield>
  <datafield tag="245" ind1="1" ind2=" ">
   <subfield code="a">KARAKTERISTIK KOLAGEN DARI TULANG DAN CEKER AYAM BROILER BERDASARKAN ANALISIS ORGANOLEPTIK DAN PROKSIMAT /</subfield>
   <subfield code="c">Polbangtan Malang</subfield>
  </datafield>
  <datafield tag="300" ind1=" " ind2=" ">
   <subfield code="a">102 hlm</subfield>
  </datafield>
  <datafield tag="650" ind1=" " ind2="4">
   <subfield code="a">Kolagen, tulang ayam, ceker ayam, analisis organoleptik, analisis proksimat, business plan.</subfield>
  </datafield>
  <datafield tag="520" ind1=" " ind2=" ">
   <subfield code="a">Kolagen yang beredar biasanya terbuat dari tubuh hewan sapi maupun babi,&#13;
beberapa orang tidak bisa mengonsumsi sebab terdapat pantangan baik dari segi&#13;
agama dan etnis. Selain itu, harga kolagen yang ada di pasaran cenderung mahal.&#13;
Dengan mempertimbangkan kandungan yang terdapat dalam tulang danceker&#13;
ayam, bahan ini berpotensi menjadi alternatif penghasil kolagen. Tujuan penelitian&#13;
ini adalah untuk mengetahui cara pembuatan dan kandungangizi dari produk&#13;
kolagen berbahan dasar tulang dan ceker ayam, serta mengetahui penyusunan&#13;
business plan dari produk tersebut. Metode penelitian yang digunakan adalah&#13;
model eksperimen dengan menggunakan pola Rancangan Acak Lengkap (RAL)&#13;
yang kemudian data akan dianalisis menggunakan teknik uji One Way ANOVA&#13;
(Analysis of Variance) dan dilanjutkan dengan uji Duncan, namun apabila data&#13;
tidak memenuhi syarat normalitas, maka akan dilakukan pendekatan statistik nonparametik menggunakan uji Kruskall-Wallis yang dilanjutkan dengan uji MannWhitney. Hasil yang didapatkan yakni P2 dengan bahan 100% ceker mendapatkan&#13;
rata-rata hasil terbaik pada analisis organoleptik dan analisis proksimat. Setelah&#13;
dihitung untuk analisis usahanya, didapatkan bahwa total biaya Rp.13.095.625,&#13;
dengan BEP harga Rp.2.945.897 dan BEP Unit 99 unit. Produksi yang akan&#13;
dilakukan adalah sebanyak 1000 unit dengan estimasi harga jual Rp.30.000 per&#13;
unit. Penerimaan total yang didapatkan adalah Rp.30.000.000 dengan total&#13;
pendapatan Rp.16.904.375, persentase pendapatan yang didapatkan adalah&#13;
129,1%. Hasil analisis kelayakan usaha yang dilakukan mendapatkan hasil R/C&#13;
1,291, persentase ROI 129,1%, dan payback period selama 1 bulan.</subfield>
  </datafield>
  <datafield tag="336" ind1=" " ind2=" ">
   <subfield code="2">rdacontent</subfield>
   <subfield code="a">Text</subfield>
  </datafield>
  <datafield tag="337" ind1=" " ind2=" ">
   <subfield code="2">rdamedia</subfield>
   <subfield code="a">Buku Tercetak</subfield>
  </datafield>
  <datafield tag="338" ind1=" " ind2=" ">
   <subfield code="2">rdacarrier</subfield>
   <subfield code="a">Hardcopy</subfield>
  </datafield>
  <datafield tag="856" ind1=" " ind2=" ">
   <subfield code="a">https://repository.polbangtanmalang.ac.id/xmlui/handle/123456789/2139</subfield>
  </datafield>
  <datafield tag="264" ind1=" " ind2=" ">
   <subfield code="a">Malang :</subfield>
   <subfield code="b">Polbangtan Malang,</subfield>
   <subfield code="c">2025</subfield>
  </datafield>
  <datafield tag="990" ind1=" " ind2=" ">
   <subfield code="a">L.310-25152</subfield>
  </datafield>
 </record>
</collection>
